Coldest Countries By Continent - Statistics

General Stats
  • This quiz has been taken 38 times
  • The average score is 24 of 30
Answer Stats
Celsius Country % Correct
- 5.45 C Russia
97%
- 5.10 C Canada
94%
1.55 C Finland
94%
22.85 C Australia
91%
- 0.70 C Iceland
91%
1.40 C Norway
91%
17.95 C South Africa
91%
10.55 C New Zealand
88%
8.75 C United States
88%
21.00 C Mexico
85%
12.80 C Argentina
82%
8.25 C Chile
82%
1.85 C Estonia
82%
5.50 C Kazakhstan
82%
11.85 C Lesotho
82%
1.70 C Mongolia
82%
17.70 C Peru
82%
25.75 C Tonga
82%
15.75 C Uruguay
82%
20.50 C Bolivia
79%
24.40 C Fiji
79%
23.15 C Guatemala
79%
23.50 C Honduras
79%
5.70 C North Korea
79%
5.65 C Georgia
68%
2.10 C Kyrgyzstan
68%
25.50 C Papua New Guinea
68%
19.25 C Tunisia
62%
17.10 C Morocco
59%
18.10 C Rwanda
56%
No matching quizzes found
Score Distribution
Percent of People with Each Score
Percentile by Number Answered
Your Score History
You have not taken this quiz